| 000 -ლიდერი |
| ფიქსირებული სიგრძის საკონტროლო ველი |
01469nam a2200229Ia 4500 |
| 001 - საკონტროლო ნომერი |
| საკონტროლო ველი |
3969 |
| 003 - საკონტროლო ნომრის იდენტიფიკატორი |
| საკონტროლო ველი |
GE_BSU |
| 005 - ბოლო ოპერაციის თარიღი და დრო |
| საკონტროლო ველი |
20190830163325.0 |
| 008 - ფიქსირებული სიგრძის მონაცემთა ელემენტები - ზოგადი ინფორმაცია |
| ფიქსირებული სიგრძის საკონტროლო ველი |
181216s1982||||ge |||||||||||||| ||geo|| |
| 040 ## - კატალოგიზაციის წყარო |
| Transcribing agency |
GE_BSU |
| 041 ## - ენის კოდი |
| Language code of text/sound track or separate title |
geo |
| 080 ## - უნივერსალური ათობითი კლასიფიკაციის ინდექსი |
| Universal Decimal Classification number |
008(479.22+470) ჩ–27 |
| 100 ## - მთავარი ჩანაწერი - პიროვნების სახელი |
| Personal name |
ჩაფიძე, ნელი |
| 9 (RLIN) |
3466 |
| 245 ## - ცნობა სათაურის შესახებ |
| Title |
ქართულ და მოძმე ეროვნულ კულტურათა დაახლოებისა და ურთიერთგამდიდრების ისტორიის პრობლემები (1921–1958წწ.) / |
| Statement of responsibility, etc |
რედ. ა. ათანელიშვილი; ივ. ჯავახიშვილის სახ. ისტორიის, არქეოლოგიისა და ეთნოგრაფიის ინ–ტი. |
| 264 ## - წარმოების, გამოცემის, დისტრიბუციის და სხვა ცნობები |
| გამოცემის, წარმოების, დისტრიბუციის... ადგილი |
თბ. : |
| გამოცემის, წარმოების, დისტრიბუციის... სახელწოდება |
მეცნიერება, |
| გამოცემის, წარმოების, დისტრიბუციის... თარიღი |
1982. |
| 300 ## - ფიზიკური აღწერა |
| Extent |
232 გვ. ; |
| Other physical details |
21 სმ. |
| 520 ## - SUMMARY, ETC. |
| Summary, etc |
რეზ. რუს.. |
| 653 ## - INDEX TERM--UNCONTROLLED |
| Uncontrolled term |
ქართული და საბჭოთა კავშირის ხალხთა კულტურული ურთიერთობები |
| 700 ## - ADDED ENTRY--PERSONAL NAME |
| Personal name |
ათანელიშვილი, ა. |
| Relator term |
რედაქტორი |
| 9 (RLIN) |
3467 |
| 710 ## - ADDED ENTRY--CORPORATE NAME |
| Corporate name or jurisdiction name as entry element |
ივ. ჯავახიშვილის სახ. ისტორიის, არქეოლოგიისა და ეთნოგრაფიის ინ–ტი. |
| 9 (RLIN) |
1177 |
| 942 ## - ADDED ENTRY ELEMENTS (KOHA) |
| Koha item type |
წიგნი |
| Source of classification or shelving scheme |
|